Missing Word: Actors Named James Quiz Stats

Quiz Updated Mar 29, 2014

Challenge
Share
Tweet
^ Indicates TV Movie.
Score 0/24 Timer 03:00
1 Play Today
Hint Answer % Correct
James FrancoPlanet
96.8%
James FrancoMan
96.7%
James Earl JonesKing
96.6%
James CaanChance
94.8%
James FrancoNever
94.7%
James CaanEl
94.6%
James Earl JonesBarbarian
92%
James StewartWonderful
91.5%
James Earl JonesJedi
90.9%
James Earl JonesField
88.3%
James FrancoPray
85.8%
James StewartKnew
84.9%
Hint Answer % Correct
James Earl JonesComing
84.2%
James Earl JonesClear
83.9%
James StewartWindow
82.7%
James StewartSmith
81.3%
James CaanBlue
79.5%
James StewartShot
72.4%
James CaanBridge
70.5%
James StewartStory
70.5%
James FrancoHours
66.5%
James CaanSong
65.1%
James CaanVegas
64.3%
James FrancoPineapple
62.9%

Today's Daily Dose

Word Ladder
Summertime

On This Day
June 23rd II

You're not logged in!

Compare scores with friends on all Sporcle quizzes.
Join for Free
OR
Log In

You Might Also Like...

Show Comments

Extras

Top Quizzes Today


Score Distribution

Your Account Isn't Verified!

In order to create a playlist on Sporcle, you need to verify the email address you used during registration. Go to your Sporcle Settings to finish the process.

Report this User

Report this user for behavior that violates our Community Guidelines.

Details: